| 000 | 00568nam a22001937a 4500 | ||
|---|---|---|---|
| 010 | _a739539 | ||
| 035 | _a739539 | ||
| 037 | _bCen Lib / Ret | ||
| 040 |
_aDPL _bEN |
||
| 082 |
_a230.35 _bRAN |
||
| 100 | _aSwami Ranganathananda | ||
| 245 |
_aA pilgrim looks at the world / _cby Swami Ranganathananda |
||
| 260 |
_aBombay _bBharatiya Vidya Bhavan _c1974 |
||
| 270 |
_a505, Tardeo Arthur Road, _bBombay _e400034 |
||
| 300 |
_a(v 1. xii, 571p) _b24cm(Hb) |
||
| 650 | _aReligion | ||
| 650 | _aHindu religions | ||
| 942 |
_2ddc _cEN _h230.35 _mRAN |
||
| 999 |
_c136639 _d136639 |
||